| 000 | 00312 a2200133 4500 | ||
|---|---|---|---|
| 001 | 90419 | ||
| 082 | _a923.1095 AKH | ||
| 090 |
_c42739 _d42739 |
||
| 100 | _aAkhtar Aziz Ahmed | ||
| 245 |
_aSuleiman Aali Shah _hUrdu |
||
| 260 |
_aLahore _bFiction House _c2012 |
||
| 300 | _a424p. | ||
| 500 | _aGeneral Books | ||
| 942 |
_aCAE NUST _k923.1095 AKH |
||
| 999 |
_c325492 _d325492 |
||